000 01096nam a22003257a 4500
003 CHAP
005 20220329140729.0
008 971013s1985 r 00010 d
010 _a56678
011 _a57650
035 _a61805
040 _cCHAP
090 _aFolleto 9172
100 0 0 _aZuloaga, Fernando O.
_9124282
245 _aClassification of the outlying species of new world Panicum (Poacea: Paniceae)
260 _aWashington :
_bSmithsonian Institution,
_c1985
300 _a61 p.
_b: ilus.
490 _aSmithsonian contributions to botany
_v; 59
590 _aBATCH-UPD
_b10
_c20130110
_lUCH01
_h1807
590 _aBATCH-UPD
_b10
_c20130410
_lUCH01
_h1142
590 _aBATCH-UPD
_b10
_c20130914
_lUCH01
_h1551
590 _aCONVERSION
_b10
_c20130109
_lUCH01
_h1330
650 1 4 _aGramíneas
_xClasificación.
_950264
650 1 4 _aPanicum.
_985101
830 0 _aSmithsonian contributions to botany
_v; 59
_9107168
901 _aBK
942 _cFOLL
949 _aFolleto 9172
_bBC
_cFOLL
_d-132666
_eTS1
_i61805
_si
949 _aFolleto 9172
_bBC
_cFOLL
_d-132667
_eTS2
_fc.2
_i61805
_mD
_si
999 _c56678
_d56678